00756nam a2200229 a 450000100100000000500170001000800410002702000150006804000250008308200200010810000240012824500460015226000610019830000200025949000140027965000300029365000320032383000210035504900090037695201240038599900170050900002506920200930023538.0110209s1995 ve r 000 p spa d a9803251104 aDO-SdBNPbspacBNPHU aVe861.44bR944d1 aRuocco, Rosa95144310aDiario de precipitaciones /cRosa Ruocco. aCaracas, (Venezuela) :bFondo Editorial Tropykos,c1995. a63 p. ;c19 cm.1 aPariav10 4aPoesía venezolana94230 4aLiteratura venezolana93816 0aPariav10916909 aBNGR 001054708MOaGRbGRcCTd2011-02-16iLF1l0oVe861.44 R944dp25069-10r2020-06-25w2020-06-25y4ZPréstamo en sala c24562d24562